000 03779cam a2200505 i 4500
001 24171554
003 DLC
005 20260428183415.0
006 a|||||r|||| 00| 0
007 ta
008 250426s2025 nyua rb 001 0 eng c
010 _a 2025008476
020 _a9780525510635
_qhardcover
020 _z9780525510642
_qebook
035 _a(DLC)24171554
040 _aLBSOR
_beng
_erda
_cLBSOR
_dLBSOR
_dDLC-MRC
_dDLC
_dDLC-MRC
041 _aeng
042 _apcc
043 _an-us-ny
_0http://id.loc.gov/vocabulary/geographicAreas/n-us-ny
050 0 0 _aF128.55
_b.M214g 2025
082 0 0 _a974.7/1043
_223/eng/20250513
100 1 _aMahler, Jonathan,
_d1969-
_eauthor.
_4aut
_4http://id.loc.gov/vocabulary/relators/aut
_0http://id.loc.gov/authorities/names/n2003113930
_1http://id.loc.gov/rwo/agents/n2003113930
_948187
245 1 4 _aThe gods of New York :
_begotists, idealists, opportunists, and the birth of the modern city, 1986-1990 /
_cJonathan Mahler.
250 _aFirst edition.
260 _aNew York :
_bRandom House,
_c[2025]
264 1 _aNew York :
_bRandom House,
_c[2025]
300 _a451 pages :
_billustrations ;
_c25 cm
336 _atext
_btxt
_2rdacontent
_0http://id.loc.gov/vocabulary/contentTypes/txt
337 _aunmediated
_bn
_2rdamedia
_0http://id.loc.gov/vocabulary/mediaTypes/n
338 _avolume
_bnc
_2rdacarrier
_0http://id.loc.gov/vocabulary/carriers/nc
504 _aIncludes bibliographical references (pages 409-430) and index.
505 _aContenidos: Prologue 1986 1987 1988 1989 Epilogue
520 _a"New York City entered 1986 as a city reborn, with record profits on Wall Street sending waves of money splashing across Manhattan and bringing a once-bankrupt, reeling city back to life. But it also entered 1986 as a city divided. Nearly one-third of the city's Black and Hispanic residents were living below the federal poverty line. Thousands of New Yorkers were sleeping in the streets-and in many cases addicted to drugs, dying of AIDS, or suffering from mental illness. The manufacturing jobs that had once sustained a thriving middle class had vanished. Long-simmering racial tensions threatened to boil over. Over the next four years, a singular confluence of events-involving a cast of outsized, unforgettable characters-would widen those divisions into chasms. Ed Koch. Donald Trump. Al Sharpton. The Central Park Five. Spike Lee. Rudy Giuliani. Howard Beach. Tawana Brawley. The Preppy Murder. Jimmy Breslin. Do the Right Thing, Wall Street, crack, the AIDS epidemic, and, of course, ready to pour gasoline on every fire-the tabloids. In The Gods of New York, Jonathan Mahler tells the story of these convulsive, defining years"-- Provided by publisher.
650 0 _aNineteen eighties
_0http://id.loc.gov/authorities/subjects/sh96005522
651 0 _aNew York (N.Y.)
_xHistory
_y1951-
_0http://id.loc.gov/authorities/subjects/sh85091426
651 0 _aNew York (N.Y.)
_xPolitics and government
_y1951-
_0http://id.loc.gov/authorities/subjects/sh85091433
758 _1http://id.loc.gov/resources/instances/24171554
758 _4http://id.loc.gov/ontologies/bibframe/instanceOf
_1http://id.loc.gov/resources/works/24171554
776 1 _iOnline version
_4http://id.loc.gov/entities/relationships/onlineversion
_aMahler, Jonathan, 1969-
_tThe gods of New York
_bFirst edition
_dNew York, NY: Random House, [2025]
_w(DLC) 2025008477
_z9780525510642
_z9780525510635
_w24171554
884 _aDLC bibframe2marc v3.1-dev
_g20251219
_qDLC
_uhttps://github.com/lcnetdev/bibframe2marc/tree/v3.1-dev
906 _a7
_bcbc
_corignew
_d1
_eecip
_f20
_gy-gencatlg
942 _2lcc
_n0
_cBK
946 _illh
999 _c126946
_d126946